02437nam a2200445 a 4500001001200000003000800012006001900020007001500039008004100054010001700095020003400112020003700146020002700183040002100210035002100231043002100252050002300273082002200296100002600318245012700344260003300471300002900504504006600533505038500599533015200984650007801136650006201214650006001276650006701336650008001403651005301483651005501536651006101591651007101652651007701723655002901800710001701829856012601846999001901972ebr10516809CaPaEBRm u cr cn|||||||||060710s2008 nyuab sb 001 0 eng d z 2006022526 z0820486728 (hdbk. alk. paper) z9780820486727 (hdbk. alk. paper) z9781453902981 (e-book) aCaPaEBRcCaPaEBR a(OCoLC)774287243 an-us-maan-cn-qu14aF74.L9bT35 2008eb04a974.4/40041142221 aTakai, Yukari,d1963-10aGendered passagesh[electronic resource] :bFrench-Canadian migration to Lowell, Massachusetts, 1900-1920 /cYukari Takai. aNew York :bP. Lang,cc2008. axv, 251p. :bill., maps. aIncludes bibliographical references (p. [227]-243) and index.0 aTo the wrong side of the border -- Lowell after paternalism -- The transnational mobility and family networks of French Canadians -- American or ethnic workers? : work, family and masculinity of French-Canadian men -- "You gotta keep going" : paid work performed by French-Canadian women -- More than a defence of the traditional family : the unpaid work of French-Canadian women. aElectronic reproduction.bPalo Alto, Calif. :cebrary,d2012.nAvailable via World Wide Web.nAccess may be limited to ebrary affiliated libraries. 0aFrench-CanadianszMassachusettszLowellxSocial conditionsy20th century. 0aImmigrantszMassachusettszLowellxHistoryy20th century. 0aSex rolezMassachusettszLowellxHistoryy20th century. 0aTextile workerszMassachusettszLowellxHistoryy20th century. 0aFrench-CanadiansxEmploymentzMassachusettszLowellxHistoryy20th century. 0aLowell (Mass.)xSocial conditionsy20th century. 0aLowell (Mass.)xEconomic conditionsy20th century. 0aLowell (Mass.)xEthnic relationsxHistoryy20th century. 0aLowell (Mass.)xEmigration and immigrationxHistoryy20th century. 0aQu�ebec (Province)xEmigration and immigrationxHistoryy20th century. 7aElectronic books.2local2 aebrary, Inc.40uhttp://site.ebrary.com/lib/rucke/Doc?id=10516809zAn electronic book accessible through the World Wide Web; click to view c121341d121341